00872 a2200205 4500003000500000005001700005040000900022082001600031100004700047245013400094260003300228300001500261505014600276650002300422651002000445700004100465942001200506999001900518952012900537NUST20251121141956.0 cNust a621.382,KHA aKhalid , Muhammad Bilal (TCC-17A)9131979 aThink . Done A Brain computer interface (BCI) /cMuhammad Bilal Khalid, Intisar Rizwan-i- Haque, Sarmad Munir and Farhan Tahir  aRawalpindibMCS (NUST)c2009 aix, 60 p.; aIntroduction (Page-1), Literature Review (Page-12), What we Have Done in each Module (Page-14), Applications (Page-62), References (Page-65). aUG Projects998716 aTCC-17A9131971 aSupervised by Dr. Naveed Rao9131980 cPR2ddc c183881d183881 00102ddc4070aMCSbMCScREFd2016-12-12o621.382,KHApMCSPTC-105r2016-12-08w2016-12-12yPRzAlmirah No. 94, Shelf No. 2